[Event "Titled Tuesday intern op 27th Aug Early"]
[Site "Chess.com INT"]
[Date "2024.08.27"]
[Round "1"]
[White "Dilmukhametov, Artur"]
[Black "Larina, Marija"]
[Result "0-1"]
[WhiteElo "2276"]
[BlackElo "1969"]
[PlyCount "88"]
[EventDate "2024.08.27"]
[EventType "swiss (blitz)"]
[EventRounds "11"]
[EventCountry "USA"]
[SourceTitle "EXT 2025"]
[Source "ChessBase"]
[SourceDate "2024.10.14"]
[SourceVersion "1"]
[SourceVersionDate "2024.10.14"]
[SourceQuality "1"]

1. e4 c6 2. Nf3 d5 3. Nc3 dxe4 4. Nxe4 Bg4 5. h3 Bxf3 6. Qxf3 Nf6 7. g3 e6 8. Bg2 Be7 9. 0-0 0-0 10. Rd1 Nxe4 11. Qxe4 Nd7 12. d4 Nf6 13. Qf3 Qa5 14. b3 Rad8 15. c4 Rfe8 16. Bb2 Ba3 17. Bc3 Bb4 18. Bb2 Ba3 19. Bxa3 Qxa3 20. g4 Qb2 21. g5 Nd7 22. h4 Nf8 23. Qe4 Ng6 24. h5 Ne7 25. Rdb1 Qc3 26. Rc1 Qa5 27. Rd1 Qxg5 28. Qe2 Nf5 29. Kf1 Nxd4 30. Qe4 Nf5 31. Bf3 Nh4 32. Qg4 Nxf3 33. Qxf3 h6 34. Rab1 Qf5 35. Qe2 Qf6 36. a4 e5 37. Qe4 Qf4 38. Qe2 e4 39. Rxd8 Rxd8 40. Rd1 Rxd1+ 41. Qxd1 Kh7 42. Qd7 f5 43. Qxb7 e3 44. Qxa7 Qxf2# 0-1

[Event "Titled Tuesday intern op 27th Aug Early"]
[Site "Chess.com INT"]
[Date "2024.08.27"]
[Round "2"]
[White "Piesik, Piotr"]
[Black "Larina, Marija"]
[Result "1-0"]
[WhiteElo "2415"]
[BlackElo "1969"]
[PlyCount "87"]
[EventDate "2024.08.27"]
[EventType "swiss (blitz)"]
[EventRounds "11"]
[EventCountry "USA"]
[SourceTitle "EXT 2025"]
[Source "ChessBase"]
[SourceDate "2024.10.14"]
[SourceVersion "1"]
[SourceVersionDate "2024.10.14"]
[SourceQuality "1"]

1. Nf3 f5 2. d3 d6 3. e4 Nc6 4. exf5 Bxf5 5. d4 d5 6. Bf4 e6 7. Bd3 Bxd3 8. Qxd3 Nf6 9. 0-0 Bd6 10. Bg3 0-0 11. Nbd2 Nh5 12. Rae1 Nxg3 13. hxg3 Qf6 14. c3 Rae8 15. Qb5 Nd8 16. Ne5 c6 17. Qa4 Bxe5 18. dxe5 Qh6 19. f4 a6 20. Nf3 Qg6 21. Kf2 Nf7 22. Qb4 Rb8 23. Qe7 Nh6 24. Re2 Nf5 25. Qg5 Qf7 26. g4 Nh6 27. g3 c5 28. Rh1 b5 29. Rxh6 b4 30. cxb4 Rxb4 31. Rf6 Qc7 32. Rxf8+ Kxf8 33. f5 c4 34. fxe6 Qb6+ 35. Kg2 Qxe6 36. Qf5+ Qxf5 37. gxf5 Ke7 38. Nd4 Ra4 39. g4 a5 40. Kf3 Kd7 41. Kf4 Rb4 42. e6+ Kd6 43. e7 Rb8 44. e8Q 1-0

[Event "Titled Tuesday intern op 13th Aug Early"]
[Site "Chess.com INT"]
[Date "2024.08.13"]
[Round "10"]
[White "Bestard Borras, Miguel"]
[Black "Larina, Marija"]
[Result "1-0"]
[WhiteElo "2113"]
[BlackElo "1969"]
[PlyCount "73"]
[EventDate "2024.08.13"]
[EventType "swiss (blitz)"]
[EventRounds "11"]
[EventCountry "USA"]
[SourceTitle "EXT 2025"]
[Source "ChessBase"]
[SourceDate "2024.10.14"]
[SourceVersion "1"]
[SourceVersionDate "2024.10.14"]
[SourceQuality "1"]

1. d4 f5 2. Qd3 d5 3. g4 g6 4. gxf5 Bxf5 5. Qb5+ Nc6 6. Qxb7 Nxd4 7. Na3 e6 8. c3 Bxa3 9. cxd4 Bd6 10. Qc6+ Kf7 11. Bd2 Ne7 12. Qc1 Be4 13. f3 Bf5 14. Nh3 Bxh3 15. Bxh3 Nf5 16. Bg5 Qd7 17. e3 Bb4+ 18. Kf2 Rhc8 19. a3 Be7 20. Bxe7 Qxe7 21. Bxf5 Qh4+ 22. Ke2 exf5 23. Qe1 Qe7 24. Qg3 Re8 25. Qf4 c5 26. h4 cxd4 27. Qxd4 Qb7 28. h5 g5 29. h6 Kg6 30. Rag1 Rab8 31. b4 a5 32. Kf2 axb4 33. axb4 Rec8 34. Rxg5+ Kxg5 35. Rg1+ Kxh6 36. Qf6+ Kh5 37. Qg5# 1-0

[Event "Titled Tuesday intern op 13th Aug Early"]
[Site "Chess.com INT"]
[Date "2024.08.13"]
[Round "9"]
[White "Feliz Dotel, Dewar Bienvenido"]
[Black "Larina, Marija"]
[Result "0-1"]
[WhiteElo "2010"]
[BlackElo "1969"]
[PlyCount "42"]
[EventDate "2024.08.13"]
[EventType "swiss (blitz)"]
[EventRounds "11"]
[EventCountry "USA"]
[SourceTitle "EXT 2025"]
[Source "ChessBase"]
[SourceDate "2024.10.14"]
[SourceVersion "1"]
[SourceVersionDate "2024.10.14"]
[SourceQuality "1"]

1. Nf3 f5 2. d3 d6 3. e4 e5 4. Nc3 Nf6 5. Bg5 Be7 6. Be2 0-0 7. 0-0 Nc6 8. d4 exd4 9. Nxd4 Nxe4 10. Bxe7 Qxe7 11. Nxe4 fxe4 12. Nxc6 bxc6 13. Bc4+ d5 14. Bb3 Be6 15. c4 Rad8 16. Rc1 d4 17. c5 Kh8 18. Bxe6 Qxe6 19. a3 d3 20. Qd2 Rd5 21. b4 Rh5 0-1

[Event "Titled Tuesday intern op 13th Aug Early"]
[Site "Chess.com INT"]
[Date "2024.08.13"]
[Round "1"]
[White "Larina, Marija"]
[Black "Asish, Panda"]
[Result "0-1"]
[WhiteElo "1969"]
[BlackElo "1903"]
[PlyCount "40"]
[EventDate "2024.08.13"]
[EventType "swiss (blitz)"]
[EventRounds "11"]
[EventCountry "USA"]
[SourceTitle "EXT 2025"]
[Source "ChessBase"]
[SourceDate "2024.10.14"]
[SourceVersion "1"]
[SourceVersionDate "2024.10.14"]
[SourceQuality "1"]

1. e4 e6 2. Nf3 d5 3. e5 c5 4. b4 d4 5. bxc5 Bxc5 6. c3 Nc6 7. Bb2 Nge7 8. Bd3 Ng6 9. Bxg6 hxg6 10. 0-0 0-0 11. Qe2 d3 12. Qe4 Be7 13. Re1 Qb6 14. Ba3 Rd8 15. Bxe7 Nxe7 16. Na3 Qc5 17. Nb1 Bd7 18. Re3 Bc6 19. Qh4 Nf5 20. Ng5 Nxh4 0-1

[Event "Titled Tuesday intern op 13th Aug Early"]
[Site "Chess.com INT"]
[Date "2024.08.13"]
[Round "3"]
[White "Larina, Marija"]
[Black "Jaiveer, Mahendru"]
[Result "1/2-1/2"]
[WhiteElo "1969"]
[BlackElo "2220"]
[PlyCount "121"]
[EventDate "2024.08.13"]
[EventType "swiss (blitz)"]
[EventRounds "11"]
[EventCountry "USA"]
[SourceTitle "EXT 2025"]
[Source "ChessBase"]
[SourceDate "2024.10.14"]
[SourceVersion "1"]
[SourceVersionDate "2024.10.14"]
[SourceQuality "1"]

1. e4 b6 2. d4 Bb7 3. Bd3 e6 4. Nf3 Ne7 5. Qe2 g6 6. Nbd2 Bg7 7. c3 d6 8. e5 0-0 9. 0-0 c5 10. Rd1 cxd4 11. cxd4 Nbc6 12. Be4 dxe5 13. dxe5 Qc7 14. Nc4 Rfd8 15. Nd6 Rab8 16. Nxb7 Rxd1+ 17. Qxd1 Rxb7 18. Bf4 Rb8 19. Rc1 Rd8 20. Qc2 Nd5 21. Bxd5 Rxd5 22. h3 Rc5 23. Qd2 Nxe5 24. Rxc5 Nxf3+ 25. gxf3 Qxc5 26. Qd8+ Qf8 27. Qd7 Qa8 28. Bd6 h6 29. Kg2 Bxb2 30. Qb5 Bg7 31. Qd7 Qd5 32. Qe8+ Kh7 33. Bf8 Bxf8 34. Qxf8 Qd7 35. h4 h5 36. Qb4 Kg7 37. Qc3+ Kf8 38. Qb4+ Ke8 39. Qa3 Qe7 40. Qa4+ Kf8 41. Qd4 Ke8 42. Qh8+ Kd7 43. Qd4+ Kc8 44. Qc3+ Kb7 45. Qe5 Qxh4 46. Qg7 Qg5+ 47. Kf1 Qf5 48. Qd4 Qd5 49. Qf6 Qd7 50. Qf4 Kc6 51. Qe4+ Kc5 52. Qe3+ Qd4 53. Qa3+ Kb5 54. Qxa7 Qf4 55. Qd7+ Kb4 56. Qe7+ Kc4 57. Qb7 Kc5 58. Qc8+ Kb5 59. Qd7+ Ka5 60. Qa7+ Kb5 61. Qd7+ 1/2-1/2

[Event "Titled Tuesday intern op 06th Aug Early"]
[Site "Chess.com INT"]
[Date "2024.08.06"]
[Round "8"]
[White "Larina, Marija"]
[Black "Tarnowska, Aleksandra"]
[Result "1/2-1/2"]
[WhiteElo "1969"]
[BlackElo "1885"]
[PlyCount "88"]
[EventDate "2024.08.06"]
[EventType "swiss (blitz)"]
[EventRounds "11"]
[EventCountry "USA"]
[SourceTitle "EXT 2025"]
[Source "ChessBase"]
[SourceDate "2024.10.14"]
[SourceVersion "1"]
[SourceVersionDate "2024.10.14"]
[SourceQuality "1"]

1. e4 c5 2. Nc3 e6 3. Nf3 a6 4. g3 d6 5. Bg2 Nf6 6. d4 cxd4 7. Nxd4 Be7 8. 0-0 0-0 9. f4 Qc7 10. Kh1 Nc6 11. Nxc6 bxc6 12. g4 a5 13. g5 Nd7 14. f5 exf5 15. exf5 Ne5 16. f6 Bd8 17. fxg7 Re8 18. Ne4 Kxg7 19. Nf6 Bxf6 20. gxf6+ Kh8 21. Qh5 Rg8 22. Be4 Ng6 23. Bh6 Be6 24. Bg7+ Rxg7 25. fxg7+ Kxg7 26. Qg5 d5 27. Qf6+ Kg8 28. Bf5 Re8 29. Rae1 Qd7 30. Bxe6 Rxe6 31. Rxe6 Qxe6 32. Qf3 Kg7 33. c3 c5 34. Rd1 d4 35. cxd4 cxd4 36. Qd3 Qxa2 37. Qxd4+ Kh6 38. Qe3+ Kg7 39. Qc3+ Kh6 40. Rg1 Qd5+ 41. Rg2 Qd1+ 42. Rg1 Qd5+ 43. Rg2 Qd1+ 44. Rg1 Qd5+ 1/2-1/2

[Event "Titled Tuesday intern op 06th Aug Early"]
[Site "Chess.com INT"]
[Date "2024.08.06"]
[Round "2"]
[White "Yakovlev, Egor"]
[Black "Larina, Marija"]
[Result "1-0"]
[WhiteElo "2083"]
[BlackElo "1969"]
[PlyCount "83"]
[EventDate "2024.08.06"]
[EventType "swiss (blitz)"]
[EventRounds "11"]
[EventCountry "USA"]
[SourceTitle "EXT 2025"]
[Source "ChessBase"]
[SourceDate "2024.10.14"]
[SourceVersion "1"]
[SourceVersionDate "2024.10.14"]
[SourceQuality "1"]

1. e4 c6 2. d4 d5 3. e5 Bf5 4. Nf3 e6 5. Be2 Nd7 6. 0-0 Ne7 7. a4 c5 8. c4 a6 9. Nc3 dxc4 10. Bxc4 Nb6 11. Ba2 cxd4 12. Nxd4 Bg6 13. Bg5 h6 14. Bh4 Qd7 15. a5 Nbd5 16. Qf3 Nxc3 17. bxc3 Nd5 18. Rad1 Qa4 19. Bxd5 exd5 20. Qxd5 Ba3 21. Ra1 0-0 22. Qa2 Bd3 23. Rfd1 Bc2 24. Qxc2 Qxc2 25. Nxc2 Bb2 26. Rab1 Bxc3 27. Rxb7 Bxa5 28. h3 Rac8 29. Nd4 Rc5 30. e6 Rd5 31. Be7 Re8 32. exf7+ Kxf7 33. Bb4+ Kg8 34. Bxa5 Rxa5 35. Nc6 Rc5 36. Ne7+ Kh7 37. Rdd7 Re5 38. Nd5 Rg8 39. Nf6+ Kh8 40. Nxg8 Kxg8 41. Rxg7+ Kf8 42. Rh7 1-0

[Event "Titled Tuesday intern op 06th Aug Early"]
[Site "Chess.com INT"]
[Date "2024.08.06"]
[Round "4"]
[White "Zong, Davis Jr"]
[Black "Larina, Marija"]
[Result "0-1"]
[WhiteElo "2235"]
[BlackElo "1969"]
[PlyCount "76"]
[EventDate "2024.08.06"]
[EventType "swiss (blitz)"]
[EventRounds "11"]
[EventCountry "USA"]
[SourceTitle "EXT 2025"]
[Source "ChessBase"]
[SourceDate "2024.10.14"]
[SourceVersion "1"]
[SourceVersionDate "2024.10.14"]
[SourceQuality "1"]

1. d4 f5 2. g3 Nf6 3. Bg2 g6 4. Nf3 Bg7 5. 0-0 0-0 6. c4 d6 7. b3 e5 8. Bb2 e4 9. Nfd2 c6 10. e3 Na6 11. a3 Nc7 12. Nc3 Be6 13. a4 g5 14. b4 Qd7 15. Ba3 Rfd8 16. b5 Qf7 17. Qe2 d5 18. bxc6 bxc6 19. f4 g4 20. cxd5 Ncxd5 21. Nxd5 Nxd5 22. Rfc1 Nxe3 23. Bc5 Nxg2 24. Kxg2 Bxd4 25. Bxd4 Rxd4 26. Rxc6 Bd5 27. Rc2 e3+ 28. Kg1 exd2 29. Rxd2 Rxd2 30. Qxd2 Be4 31. Rc1 Re8 32. Qa5 Qb7 33. Qc3 Qb6+ 34. Kf1 Qa6+ 35. Kg1 Qb6+ 36. Kf1 Bf3 37. Qc4+ Qe6 38. a5 Be2+ 0-1

[Event "Titled Tuesday intern op 23rd Jul Early"]
[Site "Chess.com INT"]
[Date "2024.07.23"]
[Round "7"]
[White "Larina, Marija"]
[Black "Acosta, Pablo Ismael"]
[Result "0-1"]
[WhiteElo "1969"]
[BlackElo "2449"]
[PlyCount "68"]
[EventDate "2024.07.23"]
[EventType "swiss (blitz)"]
[EventRounds "11"]
[EventCountry "USA"]
[SourceTitle "EXT 2025"]
[Source "ChessBase"]
[SourceDate "2024.10.14"]
[SourceVersion "1"]
[SourceVersionDate "2024.10.14"]
[SourceQuality "1"]

1. e4 e6 2. Nf3 d5 3. e5 c5 4. b4 d4 5. a3 Nc6 6. b5 Nce7 7. c3 dxc3 8. Nxc3 Nf5 9. Bc4 b6 10. 0-0 Bb7 11. Re1 Nge7 12. Bb2 Ng6 13. Ne4 Be7 14. d4 cxd4 15. Nxd4 Nxd4 16. Bxd4 0-0 17. Bb2 Rc8 18. Bb3 Nf4 19. Qg4 Nd3 20. Rad1 Bxe4 21. Qxe4 Nxb2 22. Rxd8 Rfxd8 23. h3 Bc5 24. Re2 Nd3 25. Bc2 Nxf2 26. Qxh7+ Kf8 27. Kh2 Bd4 28. Qh8+ Ke7 29. Qh4+ f6 30. Rxf2 Bxe5+ 31. g3 Rc3 32. Rg2 Rd4 33. Qh7 f5 34. Qxg7+ Bxg7 0-1

[Event "Titled Tuesday intern op 25th Jun Early"]
[Site "Chess.com INT"]
[Date "2024.06.25"]
[Round "3"]
[White "Castillo Pena, Patricia Evarista"]
[Black "Larina, Marija"]
[Result "0-1"]
[WhiteElo "1928"]
[BlackElo "1969"]
[PlyCount "84"]
[EventDate "2024.06.25"]
[EventType "swiss (blitz)"]
[EventRounds "11"]
[EventCountry "USA"]
[SourceTitle "EXT 2025"]
[Source "ChessBase"]
[SourceDate "2024.10.14"]
[SourceVersion "1"]
[SourceVersionDate "2024.10.14"]
[SourceQuality "1"]

1. d4 f5 2. Nf3 Nf6 3. e3 g6 4. Bd3 Bg7 5. 0-0 d6 6. b3 e5 7. dxe5 dxe5 8. Nxe5 Ng4 9. Nxg4 Bxa1 10. Nh6 Qf6 11. c3 Bxc3 12. Nxc3 Qxc3 13. Qc2 Qxc2 14. Bxc2 Be6 15. Rd1 Nc6 16. Bb2 Rf8 17. h3 Rd8 18. Rxd8+ Kxd8 19. g4 Ne7 20. Ba3 b6 21. e4 fxe4 22. Bxe4 c5 23. Bb2 Bd5 24. Bxd5 Nxd5 25. Be5 Re8 26. f4 Rf8 27. Kg2 Nxf4+ 28. Kg3 Nd3 29. Bd6 Rf6 30. Bb8 a6 31. g5 Rf1 32. Kg4 Kc8 33. Bg3 Ra1 34. Nf7 Rxa2 35. Nd6+ Kd7 36. Nc4 b5 37. Ne5+ Nxe5+ 38. Bxe5 Ke6 39. Bc7 Rb2 40. Bb6 c4 41. bxc4 bxc4 42. Bc5 c3 0-1

[Event "Titled Tuesday intern op 25th Jun Early"]
[Site "Chess.com INT"]
[Date "2024.06.25"]
[Round "2"]
[White "Larina, Marija"]
[Black "Andrews, Todd D"]
[Result "0-1"]
[WhiteElo "1969"]
[BlackElo "2167"]
[PlyCount "114"]
[EventDate "2024.06.25"]
[EventType "swiss (blitz)"]
[EventRounds "11"]
[EventCountry "USA"]
[SourceTitle "EXT 2025"]
[Source "ChessBase"]
[SourceDate "2024.10.14"]
[SourceVersion "1"]
[SourceVersionDate "2024.10.14"]
[SourceQuality "1"]

1. e4 e6 2. Nf3 d5 3. e5 c5 4. b4 cxb4 5. a3 Nc6 6. axb4 Bxb4 7. c3 Bf8 8. d4 Bd7 9. Bd3 Nge7 10. h4 a6 11. h5 h6 12. g4 Na5 13. Na3 Nec6 14. g5 hxg5 15. Nxg5 Be7 16. Rg1 Qc7 17. Qf3 Nxe5 18. dxe5 Qxe5+ 19. Kf1 Bxg5 20. Bxg5 Qxc3 21. Kg2 Nb3 22. Ra2 Nc5 23. Be2 Qxf3+ 24. Bxf3 f6 25. Be3 Na4 26. Rc1 Bc6 27. Nb1 Kd7 28. Nc3 Nxc3 29. Rxc3 e5 30. Bg4+ Ke7 31. Bb6 Rac8 32. Rc1 Rcg8 33. f3 g6 34. hxg6 Rxg6 35. Rh1 Rxh1 36. Kxh1 d4 37. Kh2 Rh6+ 38. Kg3 Rg6 39. Kh4 Rh6+ 40. Kg3 Rg6 41. Bc5+ Kf7 42. Kh4 Kg7 43. Bh5 Rh6 44. Rg2+ Kh7 45. Bf8 Rxh5+ 46. Kxh5 Bxf3+ 47. Rg4 f5 48. Bd6 Bxg4+ 49. Kg5 d3 50. Bb4 e4 51. Bd2 b5 52. Kf4 Kg6 53. Ke3 Kf7 54. Kf4 Ke6 55. Ke3 Kd5 56. Bc3 Kc4 57. Bd2 b4 0-1

[Event "Titled Tuesday intern op 11th Jun Early"]
[Site "Chess.com INT"]
[Date "2024.06.11"]
[Round "8"]
[White "Larina, Marija"]
[Black "Tikhonov, Viacheslav"]
[Result "0-1"]
[WhiteElo "1969"]
[BlackElo "2160"]
[PlyCount "60"]
[EventDate "2024.06.11"]
[EventType "swiss (blitz)"]
[EventRounds "11"]
[EventCountry "USA"]
[SourceTitle "EXT 2025"]
[Source "ChessBase"]
[SourceDate "2024.10.14"]
[SourceVersion "1"]
[SourceVersionDate "2024.10.14"]
[SourceQuality "1"]

1. e4 c5 2. Nc3 Nc6 3. Bb5 g6 4. Nf3 Bg7 5. 0-0 e5 6. a3 a5 7. d3 Nge7 8. Bg5 h6 9. Be3 d6 10. Nd5 0-0 11. Qd2 Kh7 12. c3 Nxd5 13. exd5 Ne7 14. c4 f5 15. Qc2 f4 16. Bd2 g5 17. Ne1 f3 18. g3 Bh3 19. Bc3 Qc8 20. d4+ Bf5 21. Qd1 exd4 22. Bd2 Bh3 23. Qc2+ Bf5 24. Qd1 Bh3 25. Ba4 Bxf1 26. Kxf1 Qh3+ 27. Kg1 Kh8 28. Nxf3 Qf5 29. Ne1 Qxf2+ 30. Kh1 Qf1# 0-1

[Event "Titled Tuesday intern op 28th May Early"]
[Site "Chess.com INT"]
[Date "2024.05.28"]
[Round "7"]
[White "Jagirapu, Harshin Reddy"]
[Black "Larina, Marija"]
[Result "1-0"]
[WhiteElo "2029"]
[BlackElo "1969"]
[PlyCount "89"]
[EventDate "2024.05.28"]
[EventType "swiss (blitz)"]
[EventRounds "11"]
[EventCountry "USA"]
[SourceTitle "EXT 2025"]
[Source "ChessBase"]
[SourceDate "2024.10.14"]
[SourceVersion "1"]
[SourceVersionDate "2024.10.14"]
[SourceQuality "1"]

1. e4 c6 2. d4 d5 3. exd5 cxd5 4. Nf3 Nc6 5. Bd3 Bg4 6. c3 e6 7. 0-0 Nf6 8. Nbd2 Bd6 9. Re1 0-0 10. a4 a5 11. Qc2 Rc8 12. Ne5 Nxd4 13. cxd4 Rxc2 14. Bxc2 Bh5 15. Bd3 Bg6 16. Nxg6 hxg6 17. Nf3 Qb6 18. Bb5 Rc8 19. Be3 Ne4 20. Rac1 Qd8 21. Nd2 Rxc1 22. Rxc1 Qh4 23. g3 Qf6 24. Nxe4 dxe4 25. Rc8+ Kh7 26. h4 Qf3 27. Rc3 Bb4 28. Rc1 Bd6 29. Rc3 Qd1+ 30. Kg2 Qb1 31. Rc8 Qxb2 32. Rd8 Bb4 33. Rd7 Bd2 34. Bxd2 Qxd2 35. Rxf7 Qxd4 36. Rf4 Qd5 37. Kh2 e5 38. Rf8 Qd2 39. Kh3 e3 40. fxe3 Qxe3 41. Bc4 e4 42. Bg8+ Kh6 43. Be6 g5 44. h5 Qe2 45. Rh8# 1-0

[Event "Titled Tuesday intern op 21st May Early"]
[Site "Chess.com INT"]
[Date "2024.05.21"]
[Round "3"]
[White "Mirza, Diana"]
[Black "Larina, Marija"]
[Result "1-0"]
[WhiteElo "1981"]
[BlackElo "1969"]
[PlyCount "131"]
[EventDate "2024.05.21"]
[EventType "swiss (blitz)"]
[EventRounds "11"]
[EventCountry "USA"]
[SourceTitle "CBM 220 Extra"]
[Source "ChessBase"]
[SourceDate "2024.07.31"]
[SourceVersion "1"]
[SourceVersionDate "2024.07.31"]
[SourceQuality "1"]

1. d4 f5 2. Nf3 Nf6 3. e3 g6 4. Bd3 Bg7 5. b3 d6 6. Bb2 0-0 7. Nbd2 Nc6 8. 0-0 Nb4 9. Qe2 Nxd3 10. Qxd3 c6 11. Rae1 Qc7 12. e4 f4 13. e5 Nd5 14. a3 Bf5 15. Ne4 Rad8 16. Nh4 dxe5 17. Nxf5 gxf5 18. Ng5 e4 19. Qh3 h6 20. Ne6 Qd6 21. Nxd8 Qxd8 22. c4 Nc7 23. g3 f3 24. g4 e6 25. Kh1 Qg5 26. Rg1 Qd2 27. Bc1 Qxf2 28. gxf5 Rf6 29. Ref1 Qc2 30. Bxh6 Ne8 31. fxe6 f2 32. Rg2 Qe2 33. Rxg7+ Nxg7 34. Bxg7 Kxg7 35. Qg3+ Rg6 36. Qxf2 Qxf2 37. Rxf2 Rxe6 38. Kg2 e3 39. Re2 Re4 40. Kf3 Rxd4 41. Rxe3 Rd2 42. h4 Kf6 43. Kg4 Rh2 44. Rh3 Rg2+ 45. Rg3 Rh2 46. h5 b5 47. c5 a5 48. Rh3 Rg2+ 49. Rg3 Rh2 50. Rd3 Ra2 51. Rd6+ Ke5 52. Rxc6 Rxa3 53. h6 Rxb3 54. h7 Rb4+ 55. Kg5 Rb1 56. Rh6 Rg1+ 57. Kh5 Rh1+ 58. Kg5 Rg1+ 59. Kh5 Rh1+ 60. Kg6 Rg1+ 61. Kf7 b4 62. h8Q+ Ke4 63. Re6+ Kd3 64. Qh7+ Kd2 65. Qh6+ Kd1 66. Rd6+ 1-0

[Event "Titled Tuesday intern op 21st May Early"]
[Site "Chess.com INT"]
[Date "2024.05.21"]
[Round "2"]
[White "Toropov, Pavel"]
[Black "Larina, Marija"]
[Result "1-0"]
[WhiteElo "2308"]
[BlackElo "1969"]
[PlyCount "81"]
[EventDate "2024.05.21"]
[EventType "swiss (blitz)"]
[EventRounds "11"]
[EventCountry "USA"]
[SourceTitle "CBM 220 Extra"]
[Source "ChessBase"]
[SourceDate "2024.07.31"]
[SourceVersion "1"]
[SourceVersionDate "2024.07.31"]
[SourceQuality "1"]

1. e4 c6 2. d4 d5 3. exd5 cxd5 4. Bd3 Nc6 5. c3 e5 6. dxe5 Nxe5 7. Nf3 Nxd3+ 8. Qxd3 Bd6 9. Qxd5 Ne7 10. Qb3 0-0 11. 0-0 Qc7 12. h3 Be6 13. Qa4 Bd5 14. Nd4 a6 15. Be3 Rad8 16. Nd2 Rfe8 17. Rad1 Ng6 18. N2f3 Nf4 19. Nf5 b5 20. Bxf4 Bxf4 21. Qc2 Bxf3 22. gxf3 Rxd1 23. Rxd1 g6 24. Nh4 Qe7 25. Ng2 Bb8 26. Re1 Qd8 27. Rxe8+ Qxe8 28. Qe4 Qd8 29. Ne3 Qc7 30. Kf1 Kg7 31. Ke2 Ba7 32. Nd5 Qd6 33. f4 Qe6 34. Qxe6 fxe6 35. Nc7 a5 36. Nxb5 Bc5 37. Nd4 Kf6 38. a4 e5 39. fxe5+ Kxe5 40. Nc6+ Kd6 41. Nxa5 1-0

[Event "Titled Tuesday intern op 14th May Early"]
[Site "Chess.com INT"]
[Date "2024.05.14"]
[Round "4"]
[White "Moskvin, Anatoly"]
[Black "Larina, Marija"]
[Result "1-0"]
[WhiteElo "2192"]
[BlackElo "1969"]
[PlyCount "78"]
[EventDate "2024.05.14"]
[EventType "swiss (blitz)"]
[EventRounds "11"]
[EventCountry "USA"]
[SourceTitle "EXT 2025"]
[Source "ChessBase"]
[SourceDate "2024.10.14"]
[SourceVersion "1"]
[SourceVersionDate "2024.10.14"]
[SourceQuality "1"]

1. e4 c6 2. c4 d5 3. exd5 cxd5 4. cxd5 Nf6 5. Nc3 Nxd5 6. Nf3 Nc6 7. Bb5 Nc7 8. Ba4 Bd7 9. d4 e6 10. 0-0 Be7 11. a3 0-0 12. Bc2 Ne8 13. Qd3 Nf6 14. Bg5 g6 15. Rad1 Rc8 16. Bb3 Na5 17. Ba2 Re8 18. Ne5 Nc6 19. Qh3 Qc7 20. Bxf6 Bxf6 21. Nxd7 Qxd7 22. d5 Nd4 23. dxe6 fxe6 24. Ne4 Bh8 25. Ng5 Rc2 26. Nxe6 Rxe6 27. Bxe6+ Qxe6 28. Rxd4 Qxh3 29. Rd8+ Kf7 30. gxh3 Bxb2 31. Rd7+ Ke6 32. Rxb7 Bxa3 33. Rxa7 Bc5 34. Rxh7 Kf5 35. Rf7+ Kg5 36. Kg2 Rc4 37. Rc7 Rc3 38. Rd1 Rc2 39. Rd5+ Kf4 1-0

[Event "Titled Tuesday intern op 07th May Early"]
[Site "Chess.com INT"]
[Date "2024.05.07"]
[Round "11"]
[White "Zalessky, Dmitry"]
[Black "Larina, Marija"]
[Result "0-1"]
[WhiteElo "1917"]
[BlackElo "1969"]
[PlyCount "62"]
[EventDate "2024.05.07"]
[EventType "swiss (blitz)"]
[EventRounds "11"]
[EventCountry "USA"]
[SourceTitle "EXT 2025"]
[Source "ChessBase"]
[SourceDate "2024.10.14"]
[SourceVersion "1"]
[SourceVersionDate "2024.10.14"]
[SourceQuality "1"]

1. d4 f5 2. Nf3 Nf6 3. Bf4 d6 4. e3 g6 5. h3 Bg7 6. Nbd2 0-0 7. Bd3 Nc6 8. Bh2 e6 9. 0-0 Qe7 10. c3 e5 11. dxe5 dxe5 12. e4 f4 13. Bb5 Bd7 14. Bxc6 Bxc6 15. Re1 Rad8 16. Qb3+ Kh8 17. Rad1 Rd3 18. Nc4 Rxd1 19. Qxd1 Nxe4 20. Na5 Rd8 21. Nxc6 bxc6 22. Qe2 Nc5 23. g3 fxg3 24. Bxg3 e4 25. Bh4 Bf6 26. Bxf6+ Qxf6 27. Nd4 Nd3 28. Rd1 Nf4 29. Qg4 h5 30. Qg3 Rxd4 31. Qxf4 Rxd1+ 0-1